<?xml version="1.0" encoding="UTF-8"?>
<record
    xmlns:xsi="http://www.w3.org/2001/XMLSchema-instance"
    xsi:schemaLocation="http://www.loc.gov/MARC21/slim http://www.loc.gov/standards/marcxml/schema/MARC21slim.xsd"
    xmlns="http://www.loc.gov/MARC21/slim">

  <leader>03461cam a22005294i 4500</leader>
  <controlfield tag="003">PE-LiUPU</controlfield>
  <controlfield tag="005">20250731184537.0</controlfield>
  <controlfield tag="008">180503s2018    pe a    r     000 0 spa d</controlfield>
  <datafield tag="020" ind1=" " ind2=" ">
    <subfield code="a">6123192620</subfield>
  </datafield>
  <datafield tag="020" ind1=" " ind2=" ">
    <subfield code="a">9786123192624</subfield>
  </datafield>
  <datafield tag="035" ind1=" " ind2=" ">
    <subfield code="a">(Sirsi) a241828</subfield>
  </datafield>
  <datafield tag="040" ind1=" " ind2=" ">
    <subfield code="a">PE-LiUPU</subfield>
    <subfield code="b">spa</subfield>
    <subfield code="c">PE-LiUPU</subfield>
    <subfield code="e">rda</subfield>
  </datafield>
  <datafield tag="041" ind1="1" ind2=" ">
    <subfield code="a">spa</subfield>
    <subfield code="h">eng</subfield>
  </datafield>
  <datafield tag="049" ind1=" " ind2=" ">
    <subfield code="a">PRUA</subfield>
  </datafield>
  <datafield tag="082" ind1="0" ind2="4">
    <subfield code="a">920.72</subfield>
    <subfield code="b">F29</subfield>
    <subfield code="2">20</subfield>
  </datafield>
  <datafield tag="100" ind1="1" ind2=" ">
    <subfield code="a">Favilli, Elena,</subfield>
    <subfield code="e">autor.</subfield>
  </datafield>
  <datafield tag="245" ind1="1" ind2="0">
    <subfield code="a">Cuentos de buenas noches para ni&#xF1;as rebeldes 2 /</subfield>
    <subfield code="c">Elena Favilli y Francesca Cavallo.</subfield>
  </datafield>
  <datafield tag="250" ind1=" " ind2=" ">
    <subfield code="a">Primera edici&#xF3;n.</subfield>
  </datafield>
  <datafield tag="264" ind1=" " ind2="1">
    <subfield code="a">Lima :</subfield>
    <subfield code="b">Planeta,</subfield>
    <subfield code="c">2018.</subfield>
  </datafield>
  <datafield tag="300" ind1=" " ind2=" ">
    <subfield code="a">xii, 210 p&#xE1;ginas :</subfield>
    <subfield code="b">ilustraciones ;</subfield>
    <subfield code="c">24 cent&#xED;metros</subfield>
  </datafield>
  <datafield tag="336" ind1=" " ind2=" ">
    <subfield code="a">text</subfield>
    <subfield code="2">rdacontent</subfield>
  </datafield>
  <datafield tag="337" ind1=" " ind2=" ">
    <subfield code="a">unmediated</subfield>
    <subfield code="2">rdamedia</subfield>
  </datafield>
  <datafield tag="338" ind1=" " ind2=" ">
    <subfield code="a">volume</subfield>
    <subfield code="2">rdacarrier</subfield>
  </datafield>
  <datafield tag="505" ind1="0" ind2=" ">
    <subfield code="a">Escritora -- Cazadora con &#xE1;guila -- Qu&#xED;mica -- Miembro de la resistencia Francesa -- Canciller -- Revolucionaria -- Pirata -- Actriz -- Esgrimista -- Escritora e ilustradora -- Cantautora y empresaria -- Tenista -- Reina -- Neuropsic&#xF3;loga -- Empresaria -- Bailaora -- Cantante -- Escritora -- Reina -- M&#xFA;sica -- Pianista y compositor -- Cuentista y activista -- Relojera -- Pol&#xED;tica -- Comediante y presentadora de televisi&#xF3;n -- Nadadora -- Arquitecta y dise&#xF1;adora -- Pintora -- Bioqu&#xED;mica -- Alcaldesa -- Activista -- Actriz e inventora -- Oradora -- Bailarina -- Escritora -- Ama de llaves y exploradora -- Zo&#xF3;loga -- Buceadora bajo el hielo -- Cient&#xED;ficas computacionales -- Vulcan&#xF3;loga -- Modelo -- Actriz -- Activista por la paz -- Aviadora -- Golfista -- Corrredora de ultramarat&#xF3;n -- Escaladora extrema -- Acr&#xF3;bata -- Cantante, compositora y empresaria -- Vigilantes -- Ge&#xF3;loga -- Artista de performance -- Repartidora de correo -- Exploradora -- Enfermera -- Escritora -- Matem&#xE1;tica -- Esp&#xED;a -- Se&#xF1;ora feudal -- F&#xED;sica cu&#xE1;ntica y bailarina -- Luchadoras por la libertad -- Guerrera -- Gimnasia -- Activista por los derechos humanos -- Escritora y activista -- Reina -- Presentadora de televisi&#xF3;n, actriz y empresaria -- Revolucionaria -- Coleccionista de arte -- Monta&#xF1;ista -- Revolucionaria -- Ambientalista -- Activista pol&#xED;tica -- Qu&#xED;mica y cristal&#xF3;grafa de rayos x -- Activista -- Astronauta -- Poeta -- Astrof&#xED;sica -- Bombera -- Cantautora -- Testigo contra la mafia -- Artista urbana -- Pol&#xED;tica -- Patinadora -- Neurocirujana -- Activista -- Jueza de la corte suprema -- Actriz -- Tenista -- Profesora de ciencias de los animales -- Girls scouts -- Cosmonauta -- Astr&#xF3;noma -- Compositora y m&#xFA;sica -- Esp&#xED;a -- Fot&#xF3;grafa -- Poeta -- Activista.</subfield>
  </datafield>
  <datafield tag="526" ind1=" " ind2=" ">
    <subfield code="a">P136</subfield>
  </datafield>
  <datafield tag="526" ind1=" " ind2=" ">
    <subfield code="a">P135</subfield>
  </datafield>
  <datafield tag="526" ind1=" " ind2=" ">
    <subfield code="a">P134</subfield>
  </datafield>
  <datafield tag="526" ind1=" " ind2=" ">
    <subfield code="a">P133</subfield>
  </datafield>
  <datafield tag="526" ind1=" " ind2=" ">
    <subfield code="a">P144</subfield>
  </datafield>
  <datafield tag="526" ind1=" " ind2=" ">
    <subfield code="a">P143</subfield>
  </datafield>
  <datafield tag="526" ind1=" " ind2=" ">
    <subfield code="a">P87</subfield>
  </datafield>
  <datafield tag="526" ind1=" " ind2=" ">
    <subfield code="a">P35</subfield>
  </datafield>
  <datafield tag="526" ind1=" " ind2=" ">
    <subfield code="a">P20</subfield>
  </datafield>
  <datafield tag="526" ind1=" " ind2=" ">
    <subfield code="a">P14</subfield>
  </datafield>
  <datafield tag="526" ind1=" " ind2=" ">
    <subfield code="a">P10</subfield>
  </datafield>
  <datafield tag="526" ind1=" " ind2=" ">
    <subfield code="a">P06</subfield>
  </datafield>
  <datafield tag="534" ind1=" " ind2=" ">
    <subfield code="p">Titulo original :</subfield>
    <subfield code="t">Good night stories for rebel girls 2.</subfield>
  </datafield>
  <datafield tag="541" ind1=" " ind2=" ">
    <subfield code="g">0021-0005351;</subfield>
  </datafield>
  <datafield tag="650" ind1="0" ind2="4">
    <subfield code="a">Mujeres</subfield>
    <subfield code="v">Biograf&#xED;a</subfield>
    <subfield code="v">Literatura juvenil.</subfield>
  </datafield>
  <datafield tag="650" ind1="0" ind2="4">
    <subfield code="a">Women</subfield>
    <subfield code="v">Biography</subfield>
    <subfield code="v">Youth literature.</subfield>
  </datafield>
  <datafield tag="700" ind1="1" ind2=" ">
    <subfield code="a">Cavallo, Francesca,</subfield>
    <subfield code="e">autor.</subfield>
  </datafield>
  <datafield tag="910" ind1=" " ind2=" ">
    <subfield code="a">dbm</subfield>
    <subfield code="b">ncf</subfield>
    <subfield code="c">ncf</subfield>
    <subfield code="d">20180503</subfield>
  </datafield>
  <datafield tag="942" ind1=" " ind2=" ">
    <subfield code="2">ddc</subfield>
    <subfield code="c">BOOK</subfield>
  </datafield>
  <datafield tag="994" ind1=" " ind2=" ">
    <subfield code="a">C0</subfield>
    <subfield code="b">PEPRU</subfield>
  </datafield>
  <datafield tag="596" ind1=" " ind2=" ">
    <subfield code="a">1</subfield>
  </datafield>
  <datafield tag="999" ind1=" " ind2=" ">
    <subfield code="a">920.72 F29</subfield>
    <subfield code="w">LC</subfield>
    <subfield code="c">27386</subfield>
    <subfield code="i">78326</subfield>
    <subfield code="f">2019-12-11</subfield>
    <subfield code="g">1</subfield>
    <subfield code="l">CCODEBUL1</subfield>
    <subfield code="m">BUL</subfield>
    <subfield code="p">18.04</subfield>
    <subfield code="r">0</subfield>
    <subfield code="s">Y</subfield>
    <subfield code="t">BOOK</subfield>
    <subfield code="u">2018-5-3</subfield>
    <subfield code="x">SALUD</subfield>
    <subfield code="z">P33</subfield>
    <subfield code="0">COMPRA</subfield>
    <subfield code="1">FCOMPRA</subfield>
    <subfield code="o">.STAFF. Colecci&#xF3;n Ciencias de la Salud</subfield>
    <subfield code="d">27386</subfield>
  </datafield>
  <datafield tag="980" ind1=" " ind2=" ">
    <subfield code="8">1</subfield>
    <subfield code="g">ALBERTO SANCHEZ Responsable de Automatizaci&#xF3;n</subfield>
  </datafield>
  <datafield tag="952" ind1=" " ind2=" ">
    <subfield code="r">2022-12-28 00:00:00</subfield>
    <subfield code="i">2</subfield>
    <subfield code="l">0</subfield>
    <subfield code="o">920.72 F29</subfield>
    <subfield code="p">78326</subfield>
    <subfield code="t">e1</subfield>
    <subfield code="v">23.04</subfield>
    <subfield code="w">2018-05-03</subfield>
    <subfield code="x">FCS</subfield>
    <subfield code="y">BK</subfield>
    <subfield code="z">Este &#xCD;tem NO se presta por ser Ejemplar #1.</subfield>
    <subfield code="1">0</subfield>
    <subfield code="2">ddc</subfield>
    <subfield code="7">0</subfield>
    <subfield code="8">GEN</subfield>
    <subfield code="f">P33</subfield>
    <subfield code="a">BUL</subfield>
    <subfield code="b">BUL</subfield>
    <subfield code="c">LITTLE</subfield>
    <subfield code="d">2018-05-03</subfield>
    <subfield code="e">COMPRA</subfield>
    <subfield code="g">18.04</subfield>
  </datafield>
</record>
